[Event "XI Sants Open"]
[Site "Barcelona ESP"]
[Date "2009.08.27"]
[Round "7"]
[White "Bergez,L"]
[Black "Gachet,S"]
[Result "1-0"]
[WhiteElo "2371"]
[BlackElo "2330"]

1.e4 c5 2.Nf3 d6 3.Bb5+ Bd7 4.Bxd7+ Qxd7 5.O-O Nc6 6.c3 Nf6 7.Re1 e6 8.d4 cxd4
9.cxd4 d5 10.e5 Ne4 11.Nbd2 Nxd2 12.Bxd2 Be7 13.Rc1 O-O 14.Rc3 Qd8 15.h4 Rc8
16.a3 b5 17.Qc2 Nb8 18.Rxc8 Qxc8 19.Rc1 Qxc2 20.Rxc2 a6 21.Rc7 Re8 22.Kf1 Kf8
23.Ke2 f6 24.h5 Rd8 25.Ba5 Kf7 26.h6 gxh6 27.exf6 Kxf6 28.Ne5 Re8 29.Rb7 Bd6
30.Rf7+ Kg5 31.Bd2+ Kh5 32.Rxh7 Bxe5 33.Rxh6+ Kg4 34.f3+ Kg3 35.Kf1 Rh8 36.Rg6+ Kh2
37.dxe5 Nc6 38.Rxe6 Nd4 39.Bf4+ Kh1 40.Rxa6  1-0

[Event "2nd Bolivar Open"]
[Site "Buenos Aires ARG"]
[Date "2009.08.30"]
[Round "6"]
[White "Cori,J"]
[Black "Quiroga,F"]
[Result "1-0"]
[WhiteElo "2424"]
[BlackElo "2329"]

1.e4 c5 2.Nf3 d6 3.Bb5+ Bd7 4.Bxd7+ Qxd7 5.O-O Nc6 6.c3 Nf6 7.Qe2 e6 8.d4 cxd4
9.cxd4 d5 10.e5 Ne4 11.Be3 Be7 12.Ne1 f5 13.Nd3 O-O 14.f3 Ng5 15.Nc3 b6 16.Rac1 Rac8
17.Qd2 Nf7 18.h3 Na5 19.b3 Ba3 20.Rc2 Rc6 21.Nb1 Rxc2 22.Qxc2 Rc8 23.Qd2 Bf8
24.g4 fxg4 25.hxg4 Qc6 26.Rc1 Qd7 27.Rf1 Qc6 28.Rf2 Be7 29.f4 Rf8 30.Nc3 Rc8
31.Nd1 g6 32.Rg2 Kh8 33.f5 exf5 34.gxf5 gxf5 35.Qf2 Nh6 36.Bxh6 Qxh6 37.Ne3 Qh3
38.Nf4 Rc1+ 39.Nf1 Qh4 40.Ng6+ hxg6 41.Rh2 Qxh2+ 42.Qxh2+ Kg7 43.Qd2 Ba3
44.Kg2 Nc6 45.Ne3 Nb4 46.Kf3 Rh1 47.Nxf5+ gxf5 48.Qg2+  1-0

[Event "XIX EYCC Boys U16"]
[Site "Fermo ITA"]
[Date "2009.09.01"]
[Round "2"]
[White "Schaerer,J"]
[Black "Arribas Lopez,A"]
[Result "0-1"]
[WhiteElo "1975"]
[BlackElo "2429"]

1.e4 c5 2.Nf3 d6 3.Bb5+ Bd7 4.Bxd7+ Qxd7 5.c4 Nf6 6.Nc3 Nc6 7.O-O g6 8.d4 cxd4
9.Nxd4 Bg7 10.Nde2 Rc8 11.f3 O-O 12.Be3 Rfd8 13.Qd2 b6 14.Rac1 Qb7 15.b3 a6
16.Nd4 e6 17.Nxc6 Rxc6 18.Rfd1 b5 19.cxb5 axb5 20.Bd4 Rdc8 21.Ne2 h5 22.Rxc6 Rxc6
23.Rc1 Ra6 24.Qc2 e5 25.Bf2 d5 26.exd5 Nxd5 27.Qc8+ Qxc8 28.Rxc8+ Kh7 29.Rc5 Rxa2
30.Rxd5 Ra1+ 31.Be1 Rxe1+ 32.Kf2 Rb1 33.Rxb5 f5 34.Rb7 Kh6 35.g3 Bf8 36.Rb5 Bd6
37.Nc3 Rb2+ 38.Ne2 Kg5 39.h4+ Kf6 40.Ke3 Ke6 41.f4 e4 42.Nd4+ Kf6 43.Rb6 Ke7
44.Rb7+ Ke8 45.Rb5 Rb1 46.Nxf5 gxf5 47.Rxf5 Re1+ 48.Kf2 Bb4 49.Rxh5 e3+ 50.Kf3 Bc3
51.Rc5 Bd4 52.Rc2 Rf1+ 53.Kg2 Rg1+ 54.Kf3 Ke7 55.h5 Kd6 56.b4 Kd5 57.b5 Rh1
58.g4 Rf1+ 59.Kg3 Ke4 60.f5 Rg1+ 61.Kh3 Kf3 62.Kh2 Rxg4 63.Kh3 Rg3+ 64.Kh2 Rg5  0-1

[Event "XIX EYCC Girls U18"]
[Site "Fermo ITA"]
[Date "2009.09.01"]
[Round "2"]
[White "Thorsteinsdottir,H"]
[Black "Helgadottir,S"]
[Result "1-0"]
[WhiteElo "1941"]
[BlackElo "1712"]

1.e4 c5 2.Nf3 d6 3.Bb5+ Bd7 4.Bxd7+ Qxd7 5.c4 Nc6 6.O-O g6 7.d4 cxd4 8.Nxd4 Nf6
9.Nc3 Bg7 10.Nde2 O-O 11.f3 e6 12.Bg5 a6 13.Qd2 Rfd8 14.Rad1 Qc7 15.b3 Qa5
16.Kh1 b5 17.Qf4 Nh5 18.Bxd8 Nxf4 19.Bxa5 Nxa5 20.cxb5 Nxe2 21.Nxe2 axb5
22.Rxd6 Nb7 23.Rb6 Rxa2 24.Rxb7 Rxe2 25.Rxb5  1-0

[Event "XIX EYCC Boys U18"]
[Site "Fermo ITA"]
[Date "2009.09.01"]
[Round "2"]
[White "Torres Ventosa,P"]
[Black "Karaoulanis,D"]
[Result "1-0"]
[WhiteElo "2135"]
[BlackElo "1898"]

1.e4 c5 2.Nf3 d6 3.Bb5+ Bd7 4.Bxd7+ Qxd7 5.c4 Nc6 6.d4 cxd4 7.Nxd4 Nf6 8.Nc3 g6
9.f3 Bg7 10.Nde2 O-O 11.O-O Rac8 12.b3 a6 13.a4 b6 14.Rb1 Qb7 15.Be3 Rfd8
16.Qd2 e6 17.Rfd1 Qc7 18.Kh1 Ne7 19.Bg5 d5 20.exd5 exd5 21.Bxf6 dxc4 22.Qg5 Rxd1+
23.Rxd1 h6 24.Qh4 Nf5 25.Rd8+ Rxd8 26.Bxd8 Qd7 27.Qxc4 Qxd8 28.Nd5 a5 29.Qe4 Nd6
30.Qd3 Nc8 31.Ng3 Qg5 32.Ne3 Qc5 33.Nc4 Qd4 34.Qxd4 Bxd4 35.Ne2 Bc5 36.Nf4 Nd6
37.Ne5 b5 38.Nfd3 bxa4 39.bxa4 Bb6 40.g4 Kg7 41.Kg2 Nb7 42.f4 Nc5 43.Nxc5 Bxc5
44.Kf3 f5 45.gxf5 gxf5 46.Nc4 Bb4 47.Ke3 Kg6 48.Kd4 Kh5 49.Ke5 Kg4 50.Ne3+ Kf3
51.Nd5 Bd2 52.Kxf5 h5 53.h4 Be1 54.Kg5 Ke4 55.Nf6+ Kd4 56.Kxh5 Kc4 57.Kg5  1-0

[Event "XIX EYCC Boys U16"]
[Site "Fermo ITA"]
[Date "2009.09.02"]
[Round "3"]
[White "Nakar,Ey"]
[Black "Van Kampen,R"]
[Result "0-1"]
[WhiteElo "2242"]
[BlackElo "2383"]

1.e4 c5 2.Nf3 d6 3.Bb5+ Bd7 4.Bxd7+ Qxd7 5.O-O Nf6 6.Re1 Nc6 7.c3 e6 8.d4 cxd4
9.cxd4 d5 10.e5 Ne4 11.Nbd2 Nxd2 12.Bxd2 Be7 13.Bg5 O-O 14.Bxe7 Nxe7 15.Rc1 Rfc8
16.Re3 Rxc1 17.Qxc1 Rc8 18.Rc3 Rxc3 19.Qxc3 Qa4 20.h4 Nc6 21.a3 Qc4 22.Qd2 a5
23.h5 h6 24.g4 Qa2 25.Kg2 Qb1 26.Kg3 Qe4 27.b3 Qb1 28.Qc3 Qa2 29.a4 Qb1 30.Kg2 Qe4
31.Kg3 g5 32.hxg6 fxg6 33.Qc1 g5 34.Qd2 Kf8 35.Qe3 Ke7 36.Qc1 Kd7 37.Qd2 Nb4
38.Qe3 Nc2 39.Qd2 b6 40.Qc3 Qf4+ 41.Kh3 h5 42.Nxg5 Qxg4+ 43.Kh2 Nxd4 44.Qe3 Nf5
45.Qd2 Nh4  0-1

[Event "XIX EYCC Girls U16"]
[Site "Fermo ITA"]
[Date "2009.09.02"]
[Round "3"]
[White "Bulmaga,I"]
[Black "Purgar,I"]
[Result "1-0"]
[WhiteElo "2277"]
[BlackElo "2079"]

1.e4 c5 2.Nf3 d6 3.Bb5+ Bd7 4.Bxd7+ Qxd7 5.c4 Nf6 6.Nc3 g6 7.d4 cxd4 8.Nxd4 Bg7
9.f3 O-O 10.Be3 Rc8 11.b3 Nc6 12.Rc1 Qd8 13.O-O Qa5 14.Nde2 a6 15.a4 Nd7
16.Qd2 Nc5 17.Rb1 Nd7 18.Rfd1 h5 19.Bf2 Qd8 20.f4 Bh6 21.Be3 Nf6 22.h3 Kh7
23.f5 Bxe3+ 24.Qxe3 Ne5 25.Nd4 Qg8 26.Nd5 Nxd5 27.exd5 Qg7 28.Rf1 Rg8 29.Rf2 g5
30.f6 exf6 31.Nf5 Qf8 32.c5 dxc5 33.d6 Rd8 34.Rd1 Nd7 35.Ne7 Rg7 36.Qf3 Rg6
37.Nxg6 fxg6 38.Qxb7 Kh6 39.Qxa6 Rb8 40.Qc6 Qf7 41.Re1 Re8 42.Rxe8 Qxe8 43.Rxf6 Qe3+
44.Rf2 Ne5 45.Qa8 Kh7 46.Qb7+ Kh6 47.d7  1-0

[Event "XIX EYCC Girls U16"]
[Site "Fermo ITA"]
[Date "2009.09.02"]
[Round "3"]
[White "Haitovich,A"]
[Black "Schut,L"]
[Result "0-1"]
[WhiteElo "1890"]
[BlackElo "2212"]

1.e4 c5 2.Nf3 d6 3.Bb5+ Bd7 4.Bxd7+ Qxd7 5.O-O Nc6 6.c3 Nf6 7.Re1 e6 8.d4 cxd4
9.cxd4 d5 10.e5 Ne4 11.Nbd2 Nxd2 12.Bxd2 Be7 13.Rc1 O-O 14.Rc3 Rfc8 15.a3 Nd8
16.Rd3 Qb5 17.Bc3 Rc7 18.h3 Rac8 19.Ree3 a5 20.Nh2 Qa6 21.Rg3 b5 22.Qd2 Kh8
23.b4 axb4 24.axb4 Nc6 25.Nf3 h6 26.Ne1 Qa4 27.Nc2 Bg5 28.f4 Bxf4 29.Qxf4 Qxc2
30.Qg4 Qc1+ 31.Kh2 Qg5 32.Qxg5 hxg5 33.Bd2 f6 34.exf6 gxf6 35.Rg4 e5 36.Rf3 Kg7
37.h4 Nxd4 38.Rh3 Rh8 39.hxg5 Rxh3+ 40.Kxh3 f5 41.Rg3 Rc2 42.Rd3 Kg6 43.Bc3 Nc6
44.Be1 d4  0-1

[Event "ch-ISL"]
[Site "Bolungarvik ISL"]
[Date "2009.09.03"]
[Round "3"]
[White "Lagerman,R"]
[Black "Gislason,G"]
[Result "0-1"]
[WhiteElo "2351"]
[BlackElo "2348"]

1.e4 c5 2.Nf3 d6 3.Bb5+ Nd7 4.d4 cxd4 5.Qxd4 a6 6.Bxd7+ Bxd7 7.Nc3 Bc6 8.Bg5 Rc8
9.O-O-O Qc7 10.Rhe1 e5 11.Qd2 h6 12.Bh4 f6 13.Bg3 Qf7 14.Nh4 Ne7 15.f4 g5
16.Nf5 Nxf5 17.exf5 Be7 18.h4 gxf4 19.Bxf4 Qc4 20.g3 Bf3 21.Bxh6 d5 22.Kb1 Bxd1
23.Rxd1 d4 24.Bg7  0-1

[Event "6th LGA Premium Cup"]
[Site "Nuernberg GER"]
[Date "2009.09.03"]
[Round "1"]
[White "Miller,Ed"]
[Black "Bindrich,F"]
[Result "1/2-1/2"]
[WhiteElo "1918"]
[BlackElo "2516"]

1.e4 c5 2.Nf3 d6 3.Bb5+ Nd7 4.d4 cxd4 5.Nxd4 Nf6 6.O-O a6 7.Bxd7+ Bxd7 8.Nc3 b5
9.a3 g6 10.Nd5 Bg7 11.Bg5 O-O 12.Nxf6+ exf6 13.Bf4 Re8 14.Qd3 Qb6 15.c3 Rad8
16.Rfe1 Bc8 17.a4 b4 18.Be3 Qb7 19.cxb4 Rxe4 20.b5 axb5 21.a5 f5 22.a6 Qd5
23.Qxb5 Rxd4 24.Qb6 Rf8 25.Bxd4 Bxd4 26.Red1 Bxb6 27.Rxd5 Bc5 28.b4 Be6 29.Rdd1 Ba7
30.Rxd6 Rb8 31.Rc6 Bd4 32.a7 Ra8 33.Ra5 Bxa7 34.h3  1/2-1/2

[Event "6th LGA Premium Cup"]
[Site "Nuernberg GER"]
[Date "2009.09.04"]
[Round "2"]
[White "Puehn,G"]
[Black "Osmanovic,F"]
[Result "1/2-1/2"]
[WhiteElo "1954"]
[BlackElo "2096"]

1.e4 c5 2.Nf3 d6 3.Bb5+ Nc6 4.O-O Bd7 5.Re1 Nf6 6.c3 a6 7.Bf1 Bg4 8.d3 e6
9.h3 Bh5 10.Nbd2 Be7 11.b3 O-O 12.Bb2 Nd7 13.d4 cxd4 14.cxd4 d5 15.exd5 exd5
16.Be2 Bg6 17.a3 Bf6 18.Nf1 Re8 19.Ne3 Nc5 20.Ng4 Ne4 21.Nxf6+ Qxf6 22.Rf1 Qf4
23.Rc1 f6 24.b4 Bh5 25.Qb3 Rad8 26.Rc2 Kh8 27.Bc1 Qb8 28.Be3 g5 29.g4 Bg6
30.Bd3 Ne7 31.Rfc1 Rc8 32.h4 h6 33.hxg5 hxg5 34.Kg2 Kg7 35.b5 axb5 36.Bxb5 Rh8
37.Qb4 Nd6 38.Rc5 Be4 39.Bd7 Ndf5 40.gxf5 Rh2+ 41.Kf1 Bxf3 42.Ke1 Rh1+ 43.Kd2 Rxc5
44.Rxh1 Bxh1 45.Qxc5 Qd8 46.Qd6 Qa5+ 47.Ke2 Qa6+ 48.Qxa6 bxa6 49.f3 Bg2 50.Kf2 Bh3
51.f4 gxf4 52.Bxf4 Bxf5 53.Ba4 Bb1 54.Be3 Nf5  1/2-1/2

[Event "6th LGA Premium Cup"]
[Site "Nuernberg GER"]
[Date "2009.09.04"]
[Round "2"]
[White "Heinz,A"]
[Black "Klek,H"]
[Result "1-0"]
[WhiteElo "2436"]
[BlackElo "2044"]

1.e4 c5 2.Nf3 d6 3.Bb5+ Bd7 4.Bxd7+ Qxd7 5.O-O Nf6 6.Re1 Nc6 7.c3 e6 8.d4 cxd4
9.cxd4 d5 10.e5 Ne4 11.Nbd2 Nxd2 12.Bxd2 Be7 13.Rc1 O-O 14.Rc3 f6 15.exf6 Bxf6
16.Rd3 Rae8 17.Bc3 Be7 18.a3 Bd6 19.Nd2 Rf6 20.Rf3 Bf4 21.Nf1 Ref8 22.g3 Bd6
23.Rxf6 Rxf6 24.h4 Qf7 25.Qe2 Ne7 26.Ne3 h5 27.Qd2 Ng6 28.Ng2 Ne7 29.Bb4 Bxb4
30.axb4 Nf5 31.Rc1 Nd6 32.Nf4 Ne4 33.Rc8+ Kh7 34.Qc1 Nd6 35.Rc7 Qe8 36.Qc2+ Rf5
37.Qd3 e5 38.dxe5 Qxe5 39.Rd7 Qe1+ 40.Kg2 Ne4 41.Qd4 Nf6 42.Rxb7 a5 43.bxa5 Qxa5
44.Ne6 Qa6 45.Rxg7+ Kh8 46.Qe3 Ng4 47.Rxg4  1-0

[Event "6th LGA Premium Cup"]
[Site "Nuernberg GER"]
[Date "2009.09.04"]
[Round "2"]
[White "Hannes,D"]
[Black "Stuermer,M"]
[Result "1-0"]
[WhiteElo "2105"]
[BlackElo "1957"]

1.e4 c5 2.Nf3 d6 3.Bb5+ Bd7 4.Bxd7+ Nxd7 5.c4 Ngf6 6.Nc3 g6 7.O-O Bg7 8.h3 O-O
9.d3 a6 10.Ne1 Ne8 11.Bd2 Nc7 12.a4 Ne6 13.Nc2 Ne5 14.Be3 Nc6 15.f4 Ned4
16.f5 e6 17.Bxd4 Nxd4 18.Nxd4 Bxd4+ 19.Kh1 Qe7 20.Qf3 f6 21.Rab1 Rf7 22.Qg4 exf5
23.exf5 Rg7 24.Nd5 Qf7 25.b3 gxf5 26.Qxf5 Rg5 27.Nxf6+ Qxf6 28.Qxf6 Bxf6
29.Rxf6 Rg3 30.Rf5 b5 31.d4 cxd4 32.cxb5 axb5 33.Rxb5 Rc8 34.Rd5 Rc2 35.Rxd4 Rgxg2
36.Rg1 Rxg1+ 37.Kxg1 Rc3 38.b4 Rxh3 39.Rxd6 Kf7 40.a5 Ke7 41.Rb6 h5 42.a6 Ra3
43.b5 Kd7 44.Rh6 Kc7 45.b6+  1-0

[Event "XIX EYCC Boys U16"]
[Site "Fermo ITA"]
[Date "2009.09.06"]
[Round "6"]
[White "Foster,JM"]
[Black "Antolin Concha,D"]
[Result "1/2-1/2"]
[WhiteElo "1867"]
[BlackElo "2252"]

1.e4 c5 2.Nf3 d6 3.Bb5+ Bd7 4.Bxd7+ Qxd7 5.c4 Qg4 6.O-O Qxe4 7.d4 cxd4 8.Re1 Qg4
9.Qb3 Nc6 10.Qxb7 Qc8 11.Qb5 Rb8 12.Qa4 Qd7 13.Qd1 g6 14.b3 d5 15.Bf4 Rd8
16.Na3 Bg7 17.Nb5 dxc4 18.Nd6+ Kf8 19.Nxc4 f6 20.Bc1 e5 21.Ba3+ Nge7 22.Qd3 Qd5
23.Nfd2 f5 24.f3 Bf6 25.g4 Kf7 26.Nf1 Rhg8 27.Ng3 h5 28.Rf1 h4 29.Ne4 Bh8
30.Ned6+ Ke6 31.Rac1 Rb8 32.Rfe1 Kd7 33.h3 Rgf8 34.Nd2 Nb4 35.Bxb4 Rxb4 36.N6c4 Rbb8
37.a3 Rbe8 38.b4 Nc6 39.Na5 Nxa5 40.Rc5 Qd6 41.Rxa5 Rc8 42.Rxa7+ Rc7 43.Qb5+ Ke7
44.Ra6 Qd7 45.Qxd7+ Kxd7 46.Rxg6 Rc2 47.Nb3 fxg4 48.Nc5+ Ke7 49.Rxg4 Rxf3
50.Rxh4 d3 51.Nxd3 Rxd3 52.Rxh8 Rxa3 53.Rxe5+ Kf6 54.Re1 Rb3 55.Rh4 Rcb2
56.Rf4+ Kg5 57.Rg4+ Kf5 58.Rf1+ Ke6 59.h4  1/2-1/2

[Event "4th Kolkata Open"]
[Site "Kolkata IND"]
[Date "2009.09.07"]
[Round "7"]
[White "Ni Hua"]
[Black "Khusnutdinov,R"]
[Result "0-1"]
[WhiteElo "2692"]
[BlackElo "2506"]

1.e4 c5 2.Nf3 d6 3.Bb5+ Nc6 4.O-O Bd7 5.Re1 Nf6 6.c3 a6 7.Ba4 b5 8.Bc2 Bg4
9.a4 g6 10.axb5 axb5 11.Rxa8 Qxa8 12.Na3 b4 13.Nb5 Qb7 14.Ba4 Bg7 15.cxb4 O-O
16.bxc5 dxc5 17.d4 Nd7 18.d5 Nce5 19.Bg5 Nxf3+ 20.gxf3 Bh5 21.Bf4 Ne5 22.Bxe5 Bxe5
23.Kg2 Qb6 24.Re3 Qf6 25.Bb3 Qh4 26.h3 Qf4 27.Qc2 Qh2+ 28.Kf1 Qxh3+ 29.Ke2 Qc8
30.Qc4 Qb7 31.Qxc5 Rc8 32.Qb4 Rc1 33.Rd3 Rb1 34.Rd2 Qd7 35.Bd1 Qh3 36.Qb3 Bf4
37.d6 exd6 38.Rd3 Qh2 39.Rc3 Bg3 40.Bc2 Qxf2+ 41.Kd3 Re1 42.Rc8+ Kg7 43.Kc4 Bxf3
44.Nc3 Bg4 45.Rc6 Bd7 46.Rc7 d5+ 47.Nxd5 Bxc7 48.Qc3+ f6 49.Nxc7 Rc1  0-1

[Event "ch-RUS HL"]
[Site "Ulan Ude RUS"]
[Date "2009.09.07"]
[Round "6"]
[White "Nikolenko,O"]
[Black "Motylev,A"]
[Result "1/2-1/2"]
[WhiteElo "2533"]
[BlackElo "2710"]

1.e4 c5 2.Nf3 d6 3.Bb5+ Nc6 4.O-O Bd7 5.Re1 Nf6 6.c3 a6 7.Bxc6 Bxc6 8.d4 Bxe4
9.Bg5 Bd5 10.Nbd2 b5 11.dxc5 dxc5 12.c4 Bxc4 13.Nxc4 Qxd1 14.Raxd1 bxc4 15.Ne5 e6
16.Bxf6 gxf6 17.Nxc4 Be7 18.Re3 O-O 19.Rg3+ Kh8 20.Kf1 Ra7 21.Rb3 Kg7 22.Rg3+ Kh8
23.Rb3 f5 24.Rb6 Kg7 25.Rd3 Rd8 26.Rxd8 Bxd8 27.Rc6 a5 28.Rxc5 a4 29.Ke2 Rb7
30.Rc6 Ra7 31.Rc5 h5 32.Rb5 Kf6 33.a3 Kg7 34.Nd6 Rd7 35.Nc4 Ra7 36.Nd6 Kg6
37.Nc4 Bf6 38.Rb4 Bd4 39.Nb6 Bc5 40.Rb5 Bd4 41.Rb4 Bc5 42.Rb5 Bd4  1/2-1/2

[Event "XIX EYCC Boys U18"]
[Site "Fermo ITA"]
[Date "2009.09.08"]
[Round "8"]
[White "Larmuseau,Ma"]
[Black "Sreeves,C"]
[Result "1-0"]
[WhiteElo "2169"]
[BlackElo "2011"]

1.e4 c5 2.Nf3 d6 3.Bb5+ Bd7 4.Bxd7+ Qxd7 5.O-O Nf6 6.e5 dxe5 7.Nxe5 Qc8 8.Qf3 e6
9.Nc3 Be7 10.d3 O-O 11.Bg5 Nd5 12.Bxe7 Nxe7 13.Ne4 Nbc6 14.Qh5 Nxe5 15.Qxe5 b6
16.Rae1 Nc6 17.Qh5 Qd8 18.Re3 Qd5 19.Nf6+ gxf6 20.Rg3+ Kh8 21.Qh6 Qg5 22.Rxg5  1-0

[Event "TCh-SRB 1st League"]
[Site "Kragujevac SRB"]
[Date "2009.09.09"]
[Round "8"]
[White "Nadj Hedjesi,B"]
[Black "Nestorovic,De"]
[Result "0-1"]
[WhiteElo "2454"]
[BlackElo "2434"]

1.e4 c5 2.Nf3 d6 3.Bb5+ Bd7 4.Bxd7+ Qxd7 5.O-O Nc6 6.c3 d5 7.e5 e6 8.Qe2 Nge7
9.d3 h6 10.a3 g5 11.h3 Ng6 12.b4 Bg7 13.d4 c4 14.Nh2 O-O-O 15.f4 gxf4 16.Bxf4 f6
17.exf6 Bxf6 18.Be3 Be7 19.Qh5 Nh4 20.Nd2 Nf5 21.Bf4 Rdg8 22.b5 Nd8 23.a4 Bg5
24.Qe2 Bxf4 25.Rxf4 Rg3 26.Ndf3 h5 27.Nf1 Rg7 28.Ne5 Qe7 29.Ng6 Rxg6 30.Rxf5 Qg7
31.Rf2 Nf7 32.Nd2 Nd6 33.Raf1 Rg8 34.Re1 Nf5 35.Kh2 Nh4 36.Rg1 Qh6 37.g3 Qg7
38.Nf1 Nf5 39.a5 Qc7 40.Qe5 Qxa5 41.Rf3 Qc7 42.Rxf5 exf5 43.Qxf5+ Qd7 44.Qxh5 Rg5
45.Qh6 Qxb5 46.Ne3 Qe8 47.h4 Qxe3 48.hxg5 Qe8 49.Qh3+ Qd7 50.Re1 Rxg5 51.Qh8+ Kc7
52.Qh6 Rg7 53.Qf4+ Qd6 54.Re5 Kc6 55.Qe3 Rg6 56.Kg2 a5 57.Qf3 Re6 58.Qf5 Rf6
59.Qc8+ Kb6 60.Qe8 Qf8 61.Qd7 Qd6 62.Qg4 a4 63.Qh5 Rh6 64.Qf5 Rf6 65.Qb1+ Ka6
66.Qd1 Qc6 67.g4 Rg6 68.Re2 Qd7 69.Ra2 Ka5 70.Kg3 Re6 71.Qf3 Re4 72.Rf2 Qd6+
73.Kg2 Qe6 74.g5 Qg4+ 75.Qg3 a3 76.g6 Qxg3+ 77.Kxg3 Re6 78.g7 Rg6+ 79.Kf4 Rxg7
80.Ke5 Rg5+ 81.Kd6 Ka4 82.Rf7 b5 83.Kc5 Kb3  0-1

[Event "ch-ISL"]
[Site "Bolungarvik ISL"]
[Date "2009.09.10"]
[Round "10"]
[White "Lagerman,R"]
[Black "Gunnarsson,J"]
[Result "0-1"]
[WhiteElo "2351"]
[BlackElo "2462"]

1.e4 c5 2.Nf3 d6 3.Bb5+ Nc6 4.O-O Bd7 5.Re1 Nf6 6.c3 a6 7.Bf1 Bg4 8.h3 Bh5
9.d3 e6 10.Bf4 Be7 11.Nbd2 O-O 12.Qc2 Rc8 13.g4 Bg6 14.Nh4 Nxg4 15.Nxg6 fxg6
16.Bg3 Nge5 17.Qb3 Bh4 18.Qxe6+ Kh8 19.Re3 Bg5 20.Rae1 Nd4 21.cxd4 cxd4 22.R3e2 Bxd2
23.Rxd2 Nf3+ 24.Kh1 Nxd2 25.Bg2 Nf3 26.Rd1 Nh4 27.Bf1 g5 28.Qd5 Qf6  0-1

[Event "4th Xtracon Skovbo"]
[Site "Borup DEN"]
[Date "2009.09.10"]
[Round "5"]
[White "Larsen,Ka"]
[Black "Bekker Jensen,S"]
[Result "0-1"]
[WhiteElo "2327"]
[BlackElo "2415"]

1.e4 c5 2.Nf3 d6 3.Bb5+ Nd7 4.O-O Nf6 5.Re1 a6 6.Bf1 e5 7.c3 b6 8.d4 Bb7
9.Nbd2 Be7 10.a4 O-O 11.b3 exd4 12.cxd4 d5 13.e5 Ne4 14.Bb2 cxd4 15.Bxd4 Bb4
16.Re3 Ndc5 17.Rc1 Ne6 18.Nb1 Re8 19.Bb2 Bc5 20.Re2 d4 21.Nbd2 f5 22.exf6 Nxf6
23.b4 Bxb4 24.Qb3 Nd5 25.Rce1 Bxd2 26.Nxd2 Qd7 27.Nc4 Nc5 28.Nxb6 Nxb3 29.Nxd7 Rxe2
30.Rxe2 d3 31.Re1 d2 32.Rd1 Rc8 33.Ne5 Rc1 34.Be2 a5 35.Nd3 Rc2 36.Bf3 Kf8
37.Be5 Nc3 38.Bxc3 Bxf3 39.gxf3 Rxc3 40.Nb2 Rc2 41.Nd3 Rc1 42.Nb2 Nc5 43.Kg2 Rc2
44.Rb1 Rc1  0-1

[Event "XXXII Banicky kahanec"]
[Site "Prievidza CZE"]
[Date "2009.09.10"]
[Round "7"]
[White "Simacek,P"]
[Black "Csiba,D"]
[Result "1-0"]
[WhiteElo "2499"]
[BlackElo "2353"]

1.e4 c5 2.Nf3 d6 3.Bb5+ Nd7 4.c3 Nf6 5.d3 a6 6.Ba4 g6 7.O-O Bg7 8.Nbd2 O-O
9.Re1 Qc7 10.Bc2 Ne5 11.a4 Bg4 12.h3 Bd7 13.Nh2 Nc6 14.f4 e5 15.Nc4 d5 16.Nxe5 Nxe5
17.fxe5 Qxe5 18.d4 Qc7 19.e5 Ne4 20.Bxe4 dxe4 21.Rxe4 cxd4 22.cxd4 Bc6 23.Re2 Rad8
24.Bg5 f6 25.exf6 Bxf6 26.Bxf6 Rxf6 27.Ng4 Rfd6 28.Qb3+ Bd5 29.Qg3 Qg7 30.Re5 h5
31.Ne3 Bf7 32.Rf1 R8d7 33.Nc2 Rc6 34.Rf2 Rdc7 35.Ne3 Rd7 36.d5 Rcd6 37.Rg5  1-0

[Event "7th ch-Mediterranean"]
[Site "Rijeka CRO"]
[Date "2009.09.12"]
[Round "2"]
[White "Dubrovic,M"]
[Black "Vrhovnik,D"]
[Result "1/2-1/2"]
[WhiteElo "1783"]
[BlackElo "2045"]

1.e4 c5 2.Nf3 d6 3.Bb5+ Bd7 4.Bxd7+ Qxd7 5.O-O Nc6 6.c3 Nf6 7.Re1 e6 8.d4 Be7
9.Nbd2 O-O 10.Nf1 d5 11.e5 Ne4 12.N1d2 cxd4 13.Nxe4 dxe4 14.Rxe4 Qd5 15.Rg4 dxc3
16.Bh6 Qxd1+ 17.Rxd1 Rfd8 18.Re1 c2 19.Rxg7+ Kh8 20.Rg4 f5 21.Rc4 Nb4 22.Nd4 Nd3
23.Rf1 Nxe5 24.Rc7 Bf6 25.Nxe6 Rac8 26.Rxc8 Rxc8 27.Nd4 Nd3 28.Nb3 Bxb2 29.Nc1 Rd8
30.Nb3 f4 31.Bg5 Rd5 32.g3 c1=Q 33.Nxc1 Bxc1 34.Rd1 Ba3 35.Rb1 Rxg5 36.Rb3 fxg3
37.Rxd3 gxh2+ 38.Kxh2 Rf5 39.Rxa3 Rxf2+ 40.Kg3 Rb2 41.Rxa7 Kg7 42.a4 Kg6
43.a5 Kg5 44.a6 Rb3+ 45.Kh2 bxa6 46.Rxa6  1/2-1/2

[Event "7th ch-Mediterranean"]
[Site "Rijeka CRO"]
[Date "2009.09.16"]
[Round "8"]
[White "Makropoulou,M"]
[Black "Vrhovnik,D"]
[Result "1-0"]
[WhiteElo "2288"]
[BlackElo "2045"]

1.e4 c5 2.Nf3 d6 3.Bb5+ Bd7 4.a4 Nf6 5.Nc3 g6 6.O-O Bg7 7.d3 O-O 8.Bg5 h6
9.Bh4 Nc6 10.Qd2 Kh7 11.Rae1 g5 12.Bxg5 Nd4 13.Nxd4 cxd4 14.Bxf6 Bxf6 15.Nd5 Bg7
16.Bxd7 Qxd7 17.c4 e6 18.Nf4 Qxa4 19.b4 Qe8 20.Nh5 Bh8 21.Ng3 Rg8 22.f4 Bf6
23.Ra1 Rg4 24.Qe2 Qg8 25.e5 Bh4 26.exd6 Bxg3 27.hxg3 Rxg3 28.Rf3 Rg6 29.c5 f5
30.Rf2 Qf7 31.Qe5 a6 32.b5 Rag8 33.bxa6 bxa6 34.c6 Rg3 35.Rb1 Qh5 36.Rb7+ R8g7
37.Rxg7+ Rxg7 38.d7 Rg8  1-0

[Event "TCh-ROU w Superliga"]
[Site "Eforie Nord ROU"]
[Date "2009.09.19"]
[Round "1"]
[White "Craciun,P"]
[Black "Zdebskaja,N"]
[Result "0-1"]
[WhiteElo "2154"]
[BlackElo "2410"]

1.e4 c5 2.Nf3 d6 3.Bb5+ Nd7 4.c3 Nf6 5.Qe2 a6 6.Ba4 Qc7 7.O-O c4 8.Rd1 b5
9.Bc2 Bb7 10.d4 cxd3 11.Bxd3 Nc5 12.e5 Nxd3 13.Rxd3 dxe5 14.Qxe5 Qc6 15.Bf4 e6
16.Nbd2 Bc5 17.h3 O-O 18.Nb3 Be7 19.Rad1 Rad8 20.Rxd8 Rxd8 21.Rxd8+ Bxd8
22.Nc5 Nd7 23.Nxd7 Qxd7 24.Nd4 Bd5 25.b3 f6 26.Qd6 Qxd6 27.Bxd6 Kf7 28.Nc2 Be7
29.Bxe7 Kxe7 30.f3 Kd6 31.Kf2 e5 32.Ke3 f5 33.Nb4 Bb7 34.Nd3 g5 35.Nf2 a5
36.Kd3 h5 37.Ke3 Bd5 38.Kd3 h4 39.Ke3 a4 40.bxa4 bxa4 41.a3 Kc5 42.Nd3+ Kc4
43.Kd2 e4 44.fxe4 Bxe4 45.Ne5+ Kb3 46.c4 Bxg2 47.c5 Bxh3 48.c6 Bg2  0-1

[Event "Uxbridge Congress Open"]
[Site "Uxbridge ENG"]
[Date "2009.09.19"]
[Round "3"]
[White "Ganger,Rajan"]
[Black "Bonafont,P"]
[Result "0-1"]
[WhiteElo "1930"]
[BlackElo "2126"]

1.e4 c5 2.Nf3 d6 3.Bb5+ Bd7 4.Bxd7+ Qxd7 5.O-O Nf6 6.Re1 Nc6 7.d4 cxd4 8.Nxd4 g6
9.Nc3 Bg7 10.Nxc6 bxc6 11.e5 dxe5 12.Rxe5 Nd5 13.Rxd5 cxd5 14.Nxd5 Rd8 15.c4 e6
16.Qe2 O-O 17.Ne3 Qd3 18.Qxd3 Rxd3 19.Kf1 Rb8 20.Rb1 a5 21.Ke2 Ra3 22.bxa3 Rxb1
23.Kd2 Kf8 24.f4 Ke8 25.Kc2 Ra1 26.c5 Rxa2+ 27.Kb3 Re2 28.Kc4 Kd7 29.Kd3 Ra2
30.Nc4 Kc6 31.Be3 a4 32.g4 Rxh2 33.Na5+ Kc7 34.g5 Ra2 35.Nc4 h5 36.gxh6 Bxh6
37.Kc3 e5 38.Nxe5 Rxa3+  0-1

[Event "TCh-FIN 2009-10"]
[Site "Finland FIN"]
[Date "2009.09.20"]
[Round "2"]
[White "Pihlajasalo,H"]
[Black "Tella,J"]
[Result "1/2-1/2"]
[WhiteElo "2264"]
[BlackElo "2428"]

1.e4 c5 2.Nf3 d6 3.Bb5+ Bd7 4.Bxd7+ Qxd7 5.O-O Nc6 6.Re1 Nf6 7.d3 e6 8.Nbd2 Be7
9.Nf1 Qc7 10.c3 d5 11.Bg5 dxe4 12.dxe4 h6  1/2-1/2

[Event "Maotai Prince Cup Queens"]
[Site "JinZhou CHN"]
[Date "2009.09.20"]
[Round "4"]
[White "Xu Yuhua"]
[Black "Ju Wenjun"]
[Result "1/2-1/2"]
[WhiteElo "2485"]
[BlackElo "2443"]

1.e4 c5 2.Nf3 d6 3.Bb5+ Bd7 4.Bxd7+ Qxd7 5.c4 e5 6.Nc3 Nc6 7.d3 Be7 8.a3 a5
9.Qa4 Bd8 10.Rb1 Nge7 11.O-O Ra6 12.Nd5 Nxd5 13.exd5 Ne7 14.Qxd7+ Kxd7 15.b4 axb4
16.axb4 cxb4 17.Rxb4 Rb6 18.Bd2 Rxb4 19.Bxb4 Bc7 20.Rb1 b5 21.Bc3 bxc4 22.dxc4 Ra8
23.Nd2 f6 24.Kf1 Nc8 25.Ra1 Rb8 26.Rb1 Ra8 27.Ra1 Rb8 28.Rb1 Ra8  1/2-1/2

[Event "XingQiu Open"]
[Site "Lishui CHN"]
[Date "2009.09.20"]
[Round "4"]
[White "Yu Ruiyuan"]
[Black "Liu Qingnan"]
[Result "1/2-1/2"]
[WhiteElo "2306"]
[BlackElo "2426"]

1.e4 c5 2.Nf3 d6 3.Bb5+ Nd7 4.c4 Nf6 5.O-O g6 6.d4 cxd4 7.Nxd4 Bg7 8.Nc3 O-O
9.Bxd7 Bxd7 10.b3 a6 11.Bb2 b5 12.Qd3 bxc4 13.Qxc4 Qb6 14.Qd3 Qb7 15.f3 Rfd8
16.Rfd1 Rac8 17.Nde2 Qb6+ 18.Kh1 Bc6 19.Nf4 e6 20.Qe2 Ne8 21.Qd2 Qa5 22.Nfe2 d5
23.exd5 Bxd5 24.Nxd5 Qxd2 25.Rxd2 Rxd5 26.Rxd5 Bxb2 27.Rb1 exd5 28.Rxb2 Ng7
29.Kg1 Ne6 30.Rd2 Rc5 31.Kf2 Kg7 32.Ke3 a5 33.Kd3 Kf6 34.Rc2 Rxc2 35.Kxc2 Ke5
36.Kc3 h5 37.a3 g5 38.b4 axb4+ 39.Kxb4 Nd4 40.Nc3 Nc2+ 41.Kb3 Ne1 42.a4 Nxg2
43.a5 Nf4 44.a6 Ne6 45.a7 Nc7 46.Nb5 Na8 47.Kb4 g4 48.fxg4 hxg4 49.Kc5 f5
50.Kc6 f4 51.Nc7 g3 52.hxg3 fxg3 53.Nxa8 g2 54.Nb6 g1=Q 55.a8=Q Qg6+ 56.Kc7 Qd6+
57.Kb7 Qe7+ 58.Kc6 Qf6+ 59.Kb5 Qf1+ 60.Ka5 Qe1+ 61.Kb5 Qf1+ 62.Kc6 Qf6+ 63.Kb7 Qe7+
64.Kb8 Qd6+ 65.Kb7 Qe7+  1/2-1/2

[Event "XingQiu Open"]
[Site "Lishui CHN"]
[Date "2009.09.20"]
[Round "4"]
[White "Gu Xiaobing"]
[Black "Wen Yang"]
[Result "1/2-1/2"]
[WhiteElo "2339"]
[BlackElo "2538"]

1.e4 c5 2.Nf3 d6 3.Bb5+ Bd7 4.Bxd7+ Qxd7 5.c4 g6 6.d4 cxd4 7.Nxd4 Bg7 8.O-O Nf6
9.Nc3 O-O 10.Be3 Nc6 11.f3 Rac8 12.b3 e6  1/2-1/2

[Event "LIII TCh-ESP CECLUB Gp1"]
[Site "Lugo ESP"]
[Date "2009.09.21"]
[Round "2"]
[White "Recuero Guerra,D"]
[Black "Gashimov,V"]
[Result "0-1"]
[WhiteElo "2492"]
[BlackElo "2740"]

1.e4 c5 2.Nf3 d6 3.Bb5+ Bd7 4.Bxd7+ Nxd7 5.O-O Ngf6 6.Re1 Rc8 7.b3 g6 8.Bb2 Bg7
9.c4 O-O 10.d4 cxd4 11.Nxd4 Nc5 12.Nc3 Nfd7 13.Nf3 a5 14.Rb1 a4 15.Nd5 Bxb2
16.Rxb2 axb3 17.axb3 e6 18.Nc3 Qf6 19.Qd2 Rfd8 20.Rbb1 Ne5 21.Nxe5 dxe5 22.Qc2 Rd4
23.Nb5 Rd7 24.Red1 Rcd8 25.Rxd7 Rxd7 26.b4 Qf4 27.bxc5 Rd2 28.Qxd2 Qxd2 29.Nd6 Qd4
30.g3 Qxc5 31.Nxb7 Qxc4 32.Nd6 Qc7 33.Rd1 Qc6 34.Kf1 Kf8 35.Ke2 Ke7 36.Rd2 f5
37.f3 Qc5 38.f4 Qg1 39.fxe5 Qxh2+ 40.Kd1 Qxg3 41.exf5 gxf5 42.Nc8+ Ke8  0-1